[Event "BPB Limburg open A"]
[Site "Maastricht"]
[Date "2014.06.09"]
[Round "6"]
[White "Surewaard, Wilbert"]
[Black "Stiefel, Roland"]
[Result "0-1"]
[WhiteElo "2116"]
[BlackElo "2035"]
[PlyCount "56"]
[EventDate "2014.06.06"]
[EventType "swiss"]
[EventRounds "7"]
[EventCountry "NED"]
[Source "P.Boonen"]
[SourceDate "2014.10.10"]

1. e4 c5 2. Nf3 a6 3. c3 e6 4. d4 d5 5. e5 Bd7 6. Nbd2 cxd4 7. Nxd4 Nc6 8. N2f3
Nge7 9. Bd3 Qc7 10. Qe2 Ng6 11. Nxc6 Bxc6 12. h4 Bc5 13. h5 Ne7 14. h6 g6 15.
Bg5 b5 16. Bf6 O-O 17. Rh4 Nf5 18. Rf4 Rae8 19. Bxf5 exf5 20. Nd4 Bd7 21. Kf1
b4 22. Kg1 bxc3 23. bxc3 Be7 24. Bxe7 Rxe7 25. Qxa6 Qxe5 26. Rh4 f6 27. Rh3 f4
28. Rc1 Bxh3 0-1

[Event "BPB Limburg open A"]
[Site "Maastricht"]
[Date "2014.06.09"]
[Round "6"]
[White "Van Eetvelde, Ward"]
[Black "Peschlow, Patrick"]
[Result "0-1"]
[WhiteElo "2123"]
[BlackElo "2351"]
[PlyCount "78"]
[EventDate "2014.06.06"]
[EventType "swiss"]
[EventRounds "7"]
[EventCountry "NED"]
[Source "P.Boonen"]
[SourceDate "2014.10.10"]

1. d4 Nf6 2. Nf3 g6 3. Nc3 d5 4. Bf4 Bg7 5. Qd2 O-O 6. Bh6 Nc6 7. Bxg7 Kxg7 8.
O-O-O Ne4 9. Qe3 f5 10. Nxe4 fxe4 11. Nd2 Qd6 12. f3 exf3 13. exf3 e5 14. dxe5
Qxe5 15. Qxe5+ Nxe5 16. Re1 Nc6 17. Nb3 a6 18. c3 Kf6 19. g3 a5 20. h4 a4 21.
Nd4 Nxd4 22. cxd4 c5 23. Rh2 Bd7 24. dxc5 Ra5 25. Rc2 Rc8 26. g4 Raxc5 27. Rxc5
Rxc5+ 28. Kd2 Bb5 29. Bh3 Rc4 30. Re3 Rd4+ 31. Ke1 Bc6 32. g5+ Kf7 33. Be6+ Kf8
34. Bg4 Rb4 35. Re2 Bb5 36. a3 Rxg4 37. fxg4 Bxe2 38. Kxe2 Ke7 39. Ke3 Ke6 0-1

[Event "BPB Limburg open A"]
[Site "Maastricht"]
[Date "2014.06.09"]
[Round "6"]
[White "Van Foreest, Jorden"]
[Black "Vereggen, Lars"]
[Result "1-0"]
[WhiteElo "2448"]
[BlackElo "2127"]
[PlyCount "95"]
[EventDate "2014.06.06"]
[EventType "swiss"]
[EventRounds "7"]
[EventCountry "NED"]
[Source "P.Boonen"]
[SourceDate "2014.10.10"]

1. c4 c5 2. Nf3 Nc6 3. Nc3 g6 4. d4 cxd4 5. Nxd4 Bg7 6. Nc2 d6 7. e4 Bxc3+ 8.
bxc3 Nf6 9. f3 Be6 10. Nd4 Qa5 11. Bd2 Rc8 12. Qb3 O-O 13. Qxb7 Bd7 14. Nb3 Qh5
15. Be2 Qh4+ 16. Kf1 Rb8 17. Qa6 Nh5 18. Be1 Qg5 19. h4 Qe3 20. c5 Ne5 21. cxd6
Bc8 22. Qa3 Nf4 23. Qb2 Nxe2 24. Qxe2 Qb6 25. Bf2 Qxd6 26. Kg1 Ba6 27. Qe3 f5
28. h5 f4 29. Qc5 Rbc8 30. Qxd6 exd6 31. hxg6 hxg6 32. Bd4 Bc4 33. Na5 Be6 34.
a4 Rc7 35. Rd1 Rb8 36. Rh4 g5 37. Rh5 Nf7 38. Rd2 Rb1+ 39. Kh2 Kf8 40. Rh7 Ra1
41. Rb2 Rxa4 42. Rb8+ Ke7 43. Nb7 Rd7 44. Rg7 Ra3 45. e5 Rb3 46. exd6+ Rxd6 47.
Bc5 Kf6 48. Rxf7+ 1-0

[Event "BPB Limburg open A"]
[Site "Maastricht"]
[Date "2014.06.09"]
[Round "6"]
[White "Van Foreest, Lucas"]
[Black "Schiffers, Sascha"]
[Result "1-0"]
[WhiteElo "2190"]
[BlackElo "2079"]
[PlyCount "43"]
[EventDate "2014.06.06"]
[EventType "swiss"]
[EventRounds "7"]
[EventCountry "NED"]
[Source "P.Boonen"]
[SourceDate "2014.10.10"]

1. d4 Nf6 2. c4 g6 3. Nc3 d5 4. cxd5 Nxd5 5. e4 Nxc3 6. bxc3 Bg7 7. Nf3 c5 8.
Be2 Nc6 9. Be3 Qa5 10. O-O O-O 11. Qb3 Qc7 12. Rac1 Bg4 13. Rfd1 Rfd8 14. Ng5
Be6 15. Nxe6 fxe6 16. Qxe6+ Kh8 17. dxc5 a6 18. g3 Rxd1+ 19. Rxd1 Rd8 20. Rd5
Bxc3 21. h4 Nd4 22. Rxd8+ 1-0

[Event "BPB Limburg open A"]
[Site "Maastricht"]
[Date "2014.06.09"]
[Round "6"]
[White "Van Osch, Mees"]
[Black "Timmermans, Ivo"]
[Result "1/2-1/2"]
[WhiteElo "2196"]
[BlackElo "2207"]
[PlyCount "66"]
[EventDate "2014.06.06"]
[EventType "swiss"]
[EventRounds "7"]
[EventCountry "NED"]
[Source "P.Boonen"]
[SourceDate "2014.10.10"]

1. e4 e5 2. Nf3 Nc6 3. d4 exd4 4. Nxd4 Bb4+ 5. c3 Bc5 6. Bc4 Nf6 7. Nxc6 bxc6
8. e5 Qe7 9. O-O Qxe5 10. b4 Bb6 11. Re1 Ne4 12. Be3 Bxe3 13. Rxe3 O-O 14. Qe2
d5 15. f3 Qg5 16. fxe4 Bg4 17. Qf2 dxc4 18. Nd2 Be6 19. Nf3 Qh5 20. Nd4 c5 21.
bxc5 Qxc5 22. Rb1 Rab8 23. Ree1 Rb6 24. Nxe6 Qxf2+ 25. Kxf2 fxe6+ 26. Ke3 e5
27. Rbd1 Rh6 28. Rd7 Ra6 29. Re2 Ra3 30. Rc2 Ra4 31. Rcd2 Ra3 32. Rc2 Ra4 33.
Rcd2 Ra3 1/2-1/2

[Event "BPB Limburg open A"]
[Site "Maastricht"]
[Date "2014.06.09"]
[Round "6"]
[White "Van de Perre, Tom"]
[Black "Carmeille, Ludovic"]
[Result "1/2-1/2"]
[WhiteElo "2121"]
[BlackElo "2321"]
[PlyCount "120"]
[EventDate "2014.06.06"]
[EventType "swiss"]
[EventRounds "7"]
[EventCountry "NED"]
[Source "P.Boonen"]
[SourceDate "2014.10.10"]

1. e4 c5 2. Nf3 d6 3. d4 cxd4 4. Qxd4 a6 5. h3 Nc6 6. Qe3 Nf6 7. Be2 g6 8. O-O
Bg7 9. Rd1 Bd7 10. c4 O-O 11. Nc3 Rc8 12. Bd2 e6 13. Rac1 b6 14. Be1 Qc7 15. b3
Rfd8 16. Na4 Rb8 17. Qf4 Ne5 18. Nc3 Bc6 19. Nd5 Nxf3+ 20. Bxf3 Bxd5 21. cxd5
Qe7 22. dxe6 fxe6 23. Bb4 e5 24. Qe3 a5 25. Ba3 b5 26. Rc6 b4 27. Bb2 Bf8 28.
Qc1 Qe6 29. Qc2 Rbc8 30. Rc1 Rxc6 31. Qxc6 Qe8 32. Qc4+ Kh8 33. Rc2 Ra8 34. g4
Qd7 35. Kg2 Ra7 36. Bc1 Kg7 37. Be3 Rb7 38. Be2 d5 39. exd5 Nxd5 40. Bd2 Rc7
41. Qd3 Rxc2 42. Qxc2 Nc3 43. Bxc3 Qc6+ 44. Bf3 Qxc3 45. Qxc3 bxc3 46. Be4 Kf6
47. h4 Ke6 48. Kf1 Kd6 49. Ke2 Kc5 50. Kd3 Kb4 51. Kc2 Bc5 52. f3 Bd4 53. h5
gxh5 54. gxh5 h6 55. Bg6 Ka3 56. Kb1 Be3 57. Be4 Bd2 58. Bg6 Kb4 59. Kc2 Ka3
60. Kb1 Kb4 1/2-1/2

[Event "BPB Limburg open A"]
[Site "Maastricht"]
[Date "2014.06.09"]
[Round "6"]
[White "Van den Doel, Erik"]
[Black "Roggeveen, Pieter"]
[Result "1/2-1/2"]
[WhiteElo "2553"]
[BlackElo "2211"]
[PlyCount "104"]
[EventDate "2014.06.06"]
[EventType "swiss"]
[EventRounds "7"]
[EventCountry "NED"]
[Source "P.Boonen"]
[SourceDate "2014.10.10"]

1. e4 Nf6 2. e5 Nd5 3. d4 Nb6 4. a4 a5 5. h3 d6 6. exd6 exd6 7. Bd3 Nc6 8. c3
Be7 9. Nf3 O-O 10. O-O Re8 11. Re1 Bf6 12. Nbd2 Rxe1+ 13. Qxe1 d5 14. Nf1 Ne7
15. Ng3 g6 16. Bh6 Be6 17. Qe3 Qd7 18. Ne5 Qd8 19. Qf4 Bh8 20. Bg5 Nd7 21. Ng4
Bxg4 22. hxg4 f6 23. Bh6 Nf8 24. Bxf8 Kxf8 25. g5 f5 26. Nf1 Kg8 27. Ne3 Qd7
28. g4 Rf8 29. gxf5 gxf5 30. Re1 c6 31. Ng2 Ng6 32. Qe3 f4 33. Qf3 Bg7 34. Bxg6
hxg6 35. Nh4 Qd6 36. Qg4 Kf7 37. Ng2 Kg8 38. Nh4 Kf7 39. Kg2 b5 40. axb5 cxb5
41. Kf3 b4 42. Ng2 bxc3 43. bxc3 Qc6 44. Nxf4 Qxc3+ 45. Re3 Qc8 46. Qxc8 Rxc8
47. Nxd5 Bxd4 48. Re7+ Kf8 49. Re4 Bb2 50. Kg4 Rc5 51. Nf4 Kf7 52. Nd3 Rb5
1/2-1/2

[Event "BPB Limburg open A"]
[Site "Maastricht"]
[Date "2014.06.09"]
[Round "6"]
[White "Van der Auweraert, Elwin"]
[Black "Schoppen, Casper"]
[Result "0-1"]
[WhiteElo "2212"]
[BlackElo "1906"]
[PlyCount "140"]
[EventDate "2014.06.06"]
[EventType "swiss"]
[EventRounds "7"]
[EventCountry "NED"]
[Source "P.Boonen"]
[SourceDate "2014.10.10"]

1. Nf3 Nf6 2. c4 g6 3. e3 Bg7 4. Be2 O-O 5. O-O d6 6. d3 e5 7. Nc3 Re8 8. Qc2
Nc6 9. Bd2 Bf5 10. Ne4 Nxe4 11. dxe4 Be6 12. Bc3 a5 13. Rfd1 Qe7 14. b3 Bf6 15.
a3 a4 16. b4 Red8 17. Bb2 b6 18. Nd2 Qe8 19. Nb1 Ne7 20. Nc3 Bg7 21. b5 f5 22.
Nxa4 Qf7 23. exf5 gxf5 24. Rac1 Ra7 25. Qb3 Rda8 26. Nc3 e4 27. Ra1 Bf6 28. Rf1
Qg7 29. f3 Be5 30. f4 Bf6 31. a4 Kh8 32. Rfb1 h5 33. Bf1 h4 34. Ra2 Kh7 35. Ne2
Bxb2 36. Rbxb2 Ng6 37. Rd2 Nf8 38. Nd4 Bd7 39. Qd1 Qg6 40. Nb3 Be6 41. Qa1 Nd7
42. a5 bxa5 43. Nd4 Nc5 44. Qe1 Qf6 45. Nxe6 Nxe6 46. b6 Rb7 47. bxc7 Nxc7 48.
Qd1 Ne8 49. Qh5+ Kg8 50. Rd5 Ng7 51. Qd1 Qc3 52. Rxd6 Qxe3+ 53. Kh1 Qxf4 54.
Qd5+ Kh7 55. Ra1 Rab8 56. Qd1 Rb1 57. Rxb1 Rxb1 58. Qxb1 Qxd6 59. Qb5 Qb4 60.
c5 Qxb5 61. Bxb5 Ne6 62. c6 Kg6 63. g3 hxg3 64. hxg3 Kf6 65. Kg2 Ke5 66. Ba6
Kd6 67. Bc8 Nd4 68. Kf2 a4 69. Ke3 a3 70. c7 Kxc7 0-1

[Event "BPB Limburg open A"]
[Site "Maastricht"]
[Date "2014.06.09"]
[Round "6"]
[White "Warmerdam, Max"]
[Black "Goudriaan, Etienne"]
[Result "1/2-1/2"]
[WhiteElo "2177"]
[BlackElo "2408"]
[PlyCount "115"]
[EventDate "2014.06.06"]
[EventType "swiss"]
[EventRounds "7"]
[EventCountry "NED"]
[Source "P.Boonen"]
[SourceDate "2014.10.10"]

1. e4 e5 2. Nf3 Nc6 3. Bb5 Nf6 4. O-O Nxe4 5. d4 Nd6 6. Bxc6 dxc6 7. dxe5 Nf5
8. Qxd8+ Kxd8 9. Nc3 h6 10. Ne4 Bd7 11. b3 Kc8 12. Bb2 b6 13. h3 Kb7 14. Rad1
Be6 15. g4 Ne7 16. Nd4 Bc8 17. Kg2 a5 18. a4 Bd7 19. Ne2 Bc8 20. c4 c5 21. f4
Nc6 22. f5 Be7 23. Nf4 Re8 24. Nd6+ cxd6 25. exd6 Bg5 26. d7 Re4 27. dxc8=Q+
Rxc8 28. Rd7+ Rc7 29. Rxc7+ Kxc7 30. Nd5+ Kb7 31. Bxg7 Nb4 32. Nxb4 axb4 33.
Rf3 f6 34. Kg3 Re7 35. Bf8 Rd7 36. h4 Bc1 37. g5 hxg5 38. Rf1 gxh4+ 39. Kxh4
Bb2 40. Rf3 Rd8 41. Bg7 Rd7 42. Bf8 Rh7+ 43. Kg4 Rh8 44. Bd6 Rg8+ 45. Kh4 Rg1
46. Kh5 Bc3 47. Rg3 Rb1 48. Rg7+ Kc8 49. Rc7+ Kd8 50. Rb7 Rxb3 51. Rxb6 Bd4 52.
a5 Kd7 53. Bf8 Rg3 54. Rb5 Kc6 55. Rb6+ Kd7 56. Rb5 Kc6 57. Rb6+ Kd7 58. Rb5
1/2-1/2

[Event "BPB Limburg open A"]
[Site "Maastricht"]
[Date "2014.06.09"]
[Round "6"]
[White "Weller, Manuel"]
[Black "Van Meegen, Ruud"]
[Result "1/2-1/2"]
[WhiteElo "2200"]
[BlackElo "2026"]
[PlyCount "47"]
[EventDate "2014.06.06"]
[EventType "swiss"]
[EventRounds "7"]
[EventCountry "NED"]
[Source "P.Boonen"]
[SourceDate "2014.10.10"]

1. Nf3 c5 2. c4 g6 3. g3 Bg7 4. Bg2 Nc6 5. O-O b6 6. Nc3 Bb7 7. a3 Nf6 8. Rb1
d5 9. cxd5 Nxd5 10. Qa4 O-O 11. Qh4 Nd4 12. Nxd4 cxd4 13. Ne4 e5 14. Qxd8 Rfxd8
15. d3 h6 16. g4 Rac8 17. g5 hxg5 18. Bxg5 Rd7 19. Rfc1 Rxc1+ 20. Rxc1 f5 21.
Nd2 Kf7 22. Nc4 Bf6 23. Bd2 Ke6 24. a4 1/2-1/2

[Event "BPB Limburg open A"]
[Site "Maastricht"]
[Date "2014.06.09"]
[Round "6"]
[White "Wille, Thomas"]
[Black "Van Helvoort, Rob"]
[Result "0-1"]
[WhiteElo "2105"]
[BlackElo "2140"]
[PlyCount "88"]
[EventDate "2014.06.06"]
[EventType "swiss"]
[EventRounds "7"]
[EventCountry "NED"]
[Source "P.Boonen"]
[SourceDate "2014.10.10"]

1. Nf3 g6 2. g3 Bg7 3. Bg2 c5 4. c4 Nc6 5. Nc3 d6 6. O-O Bf5 7. d3 Qd7 8. Nd5
Rc8 9. Rb1 Bh3 10. a3 Bxg2 11. Kxg2 e6 12. Ne3 Nge7 13. b4 Nd4 14. Bb2 e5 15.
bxc5 dxc5 16. Nxd4 exd4 17. Nc2 O-O 18. Ne1 Nf5 19. Ba1 Rfe8 20. Nf3 h6 21. Re1
Re6 22. g4 Ne7 23. h3 g5 24. e4 dxe3 25. Rxe3 Rd6 26. Bb2 Ng6 27. Ne1 b6 28.
Kg1 Rd8 29. Bxg7 Kxg7 30. Rb2 Nf4 31. Rb3 h5 32. Qf3 Rh8 33. Ng2 hxg4 34. hxg4
Nh3+ 35. Kf1 Rf6 36. Qg3 Nxf2 37. Ke1 Rh3 38. Qe5 Qxg4 39. Qxf6+ Kxf6 40. Kxf2
Rxe3 41. Nxe3 Qf4+ 42. Ke2 Qh2+ 43. Ke1 Qa2 44. Rc3 Kg6 0-1

[Event "BPB Limburg open A"]
[Site "Maastricht"]
[Date "2014.06.09"]
[Round "6"]
[White "Wilschut, Peter"]
[Black "Lentjes, Noud"]
[Result "1/2-1/2"]
[WhiteElo "2258"]
[BlackElo "2054"]
[PlyCount "129"]
[EventDate "2014.06.06"]
[EventType "swiss"]
[EventRounds "7"]
[EventCountry "NED"]
[Source "P.Boonen"]
[SourceDate "2014.10.10"]

1. Nf3 e6 2. g3 b6 3. Bg2 Bb7 4. O-O Nf6 5. d3 d5 6. Nbd2 Nbd7 7. c4 Be7 8. b3
O-O 9. Bb2 c5 10. e3 Rc8 11. Qe2 Qc7 12. e4 dxe4 13. dxe4 Nb8 14. Be5 Qd7 15.
Rad1 Nc6 16. Nb1 Qe8 17. Bb2 Rd8 18. e5 Ng4 19. h3 Nh6 20. g4 Kh8 21. Nbd2 Nd4
22. Ne4 Bxe4 23. Qxe4 Qc6 24. Qb1 Qc7 25. a3 Nc6 26. Qe4 Na5 27. Qe3 Rxd1 28.
Rxd1 Rd8 29. Rd3 Rxd3 30. Qxd3 Qd8 31. Qc2 Nc6 32. Bc3 Qd7 33. Bf1 Ng8 34. Qe4
g6 35. Be2 Kg7 36. Kg2 f5 37. gxf5 gxf5 38. Qf4 Qe8 39. Kf1 Qh5 40. h4 Qg6 41.
Ng5 Bxg5 42. hxg5 h6 43. gxh6+ Qxh6 44. Qxh6+ Kxh6 45. f4 Nge7 46. Kf2 a5 47.
Bf3 Kg6 48. Bd1 Kh6 49. Ke3 Kg6 50. Be1 Nd4 51. b4 axb4 52. axb4 Nec6 53. b5
Nb8 54. Kf2 Nd7 55. Kg3 Nf8 56. Bf2 Kh6 57. Bxd4 cxd4 58. c5 bxc5 59. b6 Nd7
60. b7 c4 61. Ba4 Nb8 62. Kf3 Kh5 63. Bb5 c3 64. Bd3 Kh4 65. Bc2 1/2-1/2

[Event "BPB Limburg open A"]
[Site "Maastricht"]
[Date "2014.06.09"]
[Round "6"]
[White "Winkels, Marcel"]
[Black "Mengerink, Ynze"]
[Result "0-1"]
[WhiteElo "1996"]
[BlackElo "2146"]
[PlyCount "78"]
[EventDate "2014.06.06"]
[EventType "swiss"]
[EventRounds "7"]
[EventCountry "NED"]
[Source "P.Boonen"]
[SourceDate "2014.10.10"]

1. e4 c6 2. d4 d5 3. f3 e6 4. Nc3 Bb4 5. Bd2 Ne7 6. Nce2 Bxd2+ 7. Qxd2 b6 8.
Nc3 Ba6 9. Nh3 Bxf1 10. Rxf1 Nd7 11. O-O-O Qc7 12. g4 h6 13. Nf4 O-O-O 14. Kb1
a6 15. Nh5 Rhg8 16. Rc1 Kb7 17. e5 c5 18. f4 cxd4 19. Ne2 Nc6 20. Nxd4 Nc5 21.
Nxc6 Qxc6 22. Ng3 Rd7 23. Qd4 Rc8 24. Rfe1 Na4 25. Re3 Qb5 26. Rb3 Rc4 27. Qf2
Qc6 28. Rd3 Rc7 29. c3 Qb5 30. Qd2 Rxf4 31. h3 Rf2 32. Qxf2 Qxd3+ 33. Ka1 a5
34. h4 d4 35. Qg2+ Ka7 36. Qc2 Nxb2 37. Qxb2 Qxg3 38. cxd4 Rxc1+ 39. Qxc1 Qf3 {
Time} 0-1

[Event "BPB Limburg open A"]
[Site "Maastricht"]
[Date "2014.06.09"]
[Round "7"]
[White "Beeke, Bob"]
[Black "Jeitz, Christian"]
[Result "1/2-1/2"]
[WhiteElo "2255"]
[BlackElo "2169"]
[PlyCount "63"]
[EventDate "2014.06.06"]
[EventType "swiss"]
[EventRounds "7"]
[EventCountry "NED"]
[Source "P.Boonen"]
[SourceDate "2014.10.10"]

1. d4 Nf6 2. c4 g6 3. Nc3 d5 4. Bf4 Bg7 5. Rc1 c6 6. e3 Be6 7. cxd5 Nxd5 8.
Nxd5 Bxd5 9. Nf3 Nd7 10. a3 O-O 11. Be2 Re8 12. O-O e5 13. dxe5 Nxe5 14. b4
Nxf3+ 15. Bxf3 Bxf3 16. Qxf3 Qe7 17. Rc5 a5 18. h3 axb4 19. axb4 Ra4 20. Rb1
Rea8 21. Qd1 Ra1 22. Kh2 Rxb1 23. Qxb1 Bf8 24. Qb2 Ra4 25. Qb3 Rxb4 26. Qxb4
Qxc5 27. Qxb7 Bd6 28. Qa8+ Kg7 29. Qa1+ f6 30. Bxd6 Qxd6+ 31. f4 Qe7 32. Qc3
1/2-1/2

[Event "BPB Limburg open A"]
[Site "Maastricht"]
[Date "2014.06.09"]
[Round "7"]
[White "Beerdsen, Thomas"]
[Black "Dijkhuis, Tycho"]
[Result "1/2-1/2"]
[WhiteElo "2205"]
[BlackElo "2271"]
[PlyCount "74"]
[EventDate "2014.06.06"]
[EventType "swiss"]
[EventRounds "7"]
[EventCountry "NED"]
[Source "P.Boonen"]
[SourceDate "2014.10.10"]

1. e4 c5 2. Nf3 Nc6 3. c3 d5 4. exd5 Qxd5 5. d4 Bf5 6. Be3 Nf6 7. Na3 cxd4 8.
Nb5 O-O-O 9. Nbxd4 Ng4 10. Bd3 Bxd3 11. Qxd3 Nge5 12. Qc2 Nxf3+ 13. Nxf3 e6 14.
O-O Qh5 15. b4 Bd6 16. Qa4 a6 17. Rab1 Ne5 18. Nxe5 Qxe5 19. g3 Qb5 20. Qb3 Be7
21. c4 Qf5 22. Rfc1 Rd3 23. Qc2 Rd7 24. Qa4 Rd3 25. b5 Ra3 26. Qd1 Rd8 27. Qf1
Bc5 28. Bxc5 Qxc5 29. Qe2 Rd4 30. bxa6 Rxa6 31. Rb5 Qc7 32. Rcb1 Qxc4 33. Qf3
Rad6 34. R5b3 Qd5 35. Qxd5 R6xd5 36. Rxb7 Rd1+ 37. Kg2 Rxb1 1/2-1/2

[Event "BPB Limburg open A"]
[Site "Maastricht"]
[Date "2014.06.09"]
[Round "7"]
[White "Bekker, Stefan"]
[Black "Van Osch, Mees"]
[Result "1-0"]
[WhiteElo "2223"]
[BlackElo "2196"]
[PlyCount "107"]
[EventDate "2014.06.06"]
[EventType "swiss"]
[EventRounds "7"]
[EventCountry "NED"]
[Source "P.Boonen"]
[SourceDate "2014.10.10"]

1. c4 e5 2. g3 Nf6 3. Bg2 d5 4. cxd5 Nxd5 5. Nc3 Nb6 6. Nf3 Nc6 7. O-O Be7 8.
a3 O-O 9. b4 Be6 10. Rb1 f6 11. d3 a5 12. b5 Nd4 13. a4 Nd5 14. Nxd4 exd4 15.
Nxd5 Bxd5 16. Bxd5+ Qxd5 17. Qb3 Rfd8 18. Qxd5+ Rxd5 19. Bd2 b6 20. Bf4 Rc8 21.
Rfc1 Bc5 22. g4 Kf7 23. Rc4 Ke6 24. Rbc1 Kd7 25. Kg2 Re8 26. Kf3 f5 27. g5 Kc8
28. h4 Kb7 29. h5 Rd7 30. Rxc5 bxc5 31. Rxc5 Rde7 32. e3 Rd8 33. g6 Rf8 34.
gxh7 dxe3 35. fxe3 Rh8 36. Rxf5 Rxh7 37. Kg4 Rh8 38. d4 Kc8 39. Re5 Rhe8 40.
Kg5 Kd7 41. Kg6 c6 42. bxc6+ Kxc6 43. Rc5+ Kb6 44. Rb5+ Ka6 45. Re5 Kb6 46.
Rxe7 Rxe7 47. Be5 Kc6 48. e4 Kd7 49. Bxg7 Rxe4 50. h6 Ke6 51. h7 Rg4+ 52. Kh5
Rxg7 53. h8=Q Rd7 54. Qe5+ 1-0

[Event "BPB Limburg open A"]
[Site "Maastricht"]
[Date "2014.06.09"]
[Round "7"]
[White "Bellens, Steven"]
[Black "Wislez, Francis"]
[Result "0-1"]
[WhiteElo "2013"]
[BlackElo "2002"]
[PlyCount "48"]
[EventDate "2014.06.06"]
[EventType "swiss"]
[EventRounds "7"]
[EventCountry "NED"]
[Source "P.Boonen"]
[SourceDate "2014.10.10"]

1. d4 Nf6 2. c4 g6 3. Nc3 d5 4. Nf3 Bg7 5. Qb3 c6 6. cxd5 cxd5 7. Bg5 e6 8. e4
dxe4 9. Bb5+ Bd7 10. Nxe4 O-O 11. O-O Bxb5 12. Qxb5 Qd7 13. Qe5 Nxe4 14. Qxe4
Nc6 15. Rfd1 h6 16. Bf4 Rad8 17. Rd2 Qd5 18. Qc2 g5 19. Be3 f5 20. Nxg5 hxg5
21. Bxg5 Rd7 22. h4 Bf6 23. Re1 Bxg5 24. hxg5 Nxd4 0-1

[Event "BPB Limburg open A"]
[Site "Maastricht"]
[Date "2014.06.09"]
[Round "7"]
[White "Bons, Jasper"]
[Black "Broekmeulen, Jasper"]
[Result "1/2-1/2"]
[WhiteElo "2072"]
[BlackElo "2432"]
[PlyCount "38"]
[EventDate "2014.06.06"]
[EventType "swiss"]
[EventRounds "7"]
[EventCountry "NED"]
[Source "P.Boonen"]
[SourceDate "2014.10.10"]

1. e4 d5 2. exd5 Qxd5 3. Nf3 Nc6 4. Nc3 Qa5 5. Bb5 Bd7 6. O-O a6 7. Bxc6 Bxc6
8. d4 e6 9. Ne5 Bd6 10. Nxc6 bxc6 11. Qf3 Ne7 12. Ne4 O-O 13. b3 Nf5 14. Bb2
Rad8 15. Rfd1 Be7 16. c3 Qd5 17. Qe2 Nh4 18. c4 Qf5 19. Ng3 Qa5 1/2-1/2

[Event "BPB Limburg open A"]
[Site "Maastricht"]
[Date "2014.06.09"]
[Round "7"]
[White "Carmeille, Ludovic"]
[Black "Coenen, Eduard"]
[Result "1/2-1/2"]
[WhiteElo "2321"]
[BlackElo "2093"]
[PlyCount "93"]
[EventDate "2014.06.06"]
[EventType "swiss"]
[EventRounds "7"]
[EventCountry "NED"]
[Source "P.Boonen"]
[SourceDate "2014.10.10"]

1. e4 g6 2. d4 Bg7 3. Nc3 d6 4. Be3 a6 5. Qd2 Nd7 6. h4 h5 7. a4 b6 8. f3 c5 9.
Nh3 Bb7 10. Ng5 e6 11. Rd1 Ngf6 12. Be2 d5 13. e5 Ng8 14. f4 Nh6 15. g4 hxg4
16. h5 Nf5 17. Bxg4 cxd4 18. Bxd4 Nxd4 19. Qxd4 Bxe5 20. Qf2 Bxc3+ 21. bxc3 Qf6
22. Rh3 O-O-O 23. Rd4 gxh5 24. Rxh5 Rxh5 25. Bxh5 e5 26. Rd3 exf4 27. Nf3 Ne5
28. Nxe5 Qxe5+ 29. Be2 Re8 30. Kd1 Kb8 31. Rd4 Ka7 32. a5 Re6 33. axb6+ Rxb6
34. Rb4 Qe3 35. Qxf4 Qxc3 36. Rxb6 Kxb6 37. Qxf7 a5 38. Qf2+ d4 39. Qf5 Qa1+
40. Kd2 Qc3+ 41. Kd1 Qb4 42. Qe6+ Ka7 43. Qc4 Qxc4 44. Bxc4 Kb6 45. c3 Kc5 46.
cxd4+ Kxc4 47. Kc2 1/2-1/2

[Event "BPB Limburg open A"]
[Site "Maastricht"]
[Date "2014.06.09"]
[Round "7"]
[White "Dambacher, Martijn"]
[Black "L'Ami, Erwin"]
[Result "1/2-1/2"]
[WhiteElo "2491"]
[BlackElo "2647"]
[PlyCount "28"]
[EventDate "2014.06.06"]
[EventType "swiss"]
[EventRounds "7"]
[EventCountry "NED"]
[Source "P.Boonen"]
[SourceDate "2014.10.10"]

1. d4 Nf6 2. c4 e6 3. Nc3 Bb4 4. e3 O-O 5. Bd3 d5 6. Nf3 b6 7. O-O Bb7 8. cxd5
exd5 9. Qc2 a6 10. a3 Bd6 11. e4 dxe4 12. Nxe4 Nxe4 13. Bxe4 Bxe4 14. Qxe4 Nd7
1/2-1/2

[Event "BPB Limburg open A"]
[Site "Maastricht"]
[Date "2014.06.09"]
[Round "7"]
[White "Dek, Lennart"]
[Black "Coenen, Michael"]
[Result "1/2-1/2"]
[WhiteElo "2256"]
[BlackElo "2318"]
[PlyCount "45"]
[EventDate "2014.06.06"]
[EventType "swiss"]
[EventRounds "7"]
[EventCountry "NED"]
[Source "P.Boonen"]
[SourceDate "2014.10.10"]

1. e4 c5 2. Nf3 Nc6 3. d4 cxd4 4. Nxd4 d5 5. Bb5 dxe4 6. Nxc6 Qxd1+ 7. Kxd1 a6
8. Ba4 Bd7 9. Nc3 Bxc6 10. Bxc6+ bxc6 11. Nxe4 e5 12. f3 f5 13. Nf2 Nf6 14. Re1
O-O-O+ 15. Ke2 h6 16. Be3 Bd6 17. Rad1 Rhe8 18. c4 Rd7 19. b3 g5 20. Kf1 Red8
21. Bb6 Re8 22. Be3 Red8 23. Bb6 1/2-1/2

[Event "BPB Limburg open A"]
[Site "Maastricht"]
[Date "2014.06.09"]
[Round "7"]
[White "Dischinger, Frank"]
[Black "Wille, Thomas"]
[Result "1-0"]
[WhiteElo "2154"]
[BlackElo "2105"]
[PlyCount "87"]
[EventDate "2014.06.06"]
[EventType "swiss"]
[EventRounds "7"]
[EventCountry "NED"]
[Source "P.Boonen"]
[SourceDate "2014.10.10"]

1. e4 c6 2. d4 d5 3. exd5 cxd5 4. c3 g6 5. Bf4 Nc6 6. Nf3 Qb6 7. Qb3 Qxb3 8.
axb3 Bh6 9. Bxh6 Nxh6 10. Nbd2 Nf5 11. b4 Nd6 12. Be2 f6 13. O-O Kf7 14. Ra3 b5
15. Ne1 Bb7 16. Nb3 Rhb8 17. Nc2 e6 18. Rfa1 Bc8 19. Nc5 Ke7 20. f4 Rb6 21. Ne3
a6 22. Bf3 Nc4 23. Nxc4 bxc4 24. Kf2 Nb8 25. g4 Kd6 26. h4 Ra7 27. g5 fxg5 28.
hxg5 Nc6 29. Ke3 Ne7 30. Bg4 Nc6 31. Rh1 Rf7 32. Rh2 Ne7 33. Ra1 Ng8 34. Rah1
Rb5 35. Bd1 Rb8 36. Ba4 h5 37. gxh6 Rh7 38. Be8 Ne7 39. Rg1 a5 40. Bxg6 Nxg6
41. Rxg6 axb4 42. Rg7 Rh8 43. h7 bxc3 44. bxc3 1-0

[Event "BPB Limburg open A"]
[Site "Maastricht"]
[Date "2014.06.09"]
[Round "7"]
[White "Driessens, Patrick"]
[Black "Ypma, Peter"]
[Result "1/2-1/2"]
[WhiteElo "2306"]
[BlackElo "2183"]
[PlyCount "73"]
[EventDate "2014.06.06"]
[EventType "swiss"]
[EventRounds "7"]
[EventCountry "NED"]
[Source "P.Boonen"]
[SourceDate "2014.10.10"]

1. d4 e6 2. c4 f5 3. g3 Nf6 4. Bg2 c6 5. Nf3 d5 6. O-O Bd6 7. Nc3 O-O 8. Rb1
Ne4 9. Qc2 Nxc3 10. Qxc3 b5 11. cxb5 cxb5 12. Bf4 b4 13. Qc2 a5 14. Rfc1 Ba6
15. Bf1 Bc4 16. b3 Bb5 17. e3 Bxf1 18. Bxd6 Qxd6 19. Kxf1 Qa6+ 20. Kg2 Nd7 21.
Qc6 Nf6 22. Ne5 Ne4 23. Qxa6 Rxa6 24. Rc7 Raa8 25. Rc6 Rfe8 26. Rbc1 Nc3 27. a3
Ne4 28. axb4 axb4 29. R1c2 Ra3 30. Rxe6 Rea8 31. Rb2 g6 32. f3 Ra2 33. Rxa2
Rxa2+ 34. Kg1 Ra1+ 35. Kg2 Ra2+ 36. Kg1 Ra1+ 37. Kg2 1/2-1/2

[Event "BPB Limburg open A"]
[Site "Maastricht"]
[Date "2014.06.09"]
[Round "7"]
[White "Ducarmon, Quinten"]
[Black "Janssen, Ruud"]
[Result "1/2-1/2"]
[WhiteElo "2483"]
[BlackElo "2467"]
[PlyCount "97"]
[EventDate "2014.06.06"]
[EventType "swiss"]
[EventRounds "7"]
[EventCountry "NED"]
[Source "P.Boonen"]
[SourceDate "2014.10.10"]

1. e4 e5 2. Nf3 Nc6 3. Nc3 Nf6 4. Bb5 Bb4 5. O-O O-O 6. d3 d6 7. Bg5 Bxc3 8.
bxc3 Qe7 9. Re1 Nd8 10. d4 Ne6 11. Bd2 c5 12. Bc4 cxd4 13. cxd4 Qc7 14. dxe5
dxe5 15. Bd5 Nc5 16. Bb4 Bg4 17. c4 Rad8 18. h3 Bxf3 19. Qxf3 Rd6 20. Qc3 Nfd7
21. Re3 Rf6 22. Rf3 Rxf3 23. Qxf3 b6 24. Re1 Nb8 25. Qg3 Re8 26. Bc3 Nbd7 27.
f4 Kh8 28. Rf1 f6 29. f5 Na6 30. Kh2 Qd6 31. Bb2 Qb4 32. Ba3 Qa4 33. Qb3 Qa5
34. Bc6 Ndc5 35. Qb5 Qxb5 36. cxb5 Rc8 37. Rd1 h6 38. Rd6 Nc7 39. Bxc5 bxc5 40.
a4 c4 41. Kg3 Na6 42. Kf3 Nc5 43. Ke2 Nxa4 44. Kd2 Nb6 45. Kc3 Kg8 46. h4 Kf8
47. g4 Ke7 48. Re6+ Kf8 49. Rd6 1/2-1/2